书目信息 |
| 题名: |
柏朗嘉宾蒙古行纪
|
|
| 作者: | 贝凯 , ,韩百诗 译注 ;耿昇 , 耿昇 译 | |
| 分册: | ||
| 出版信息: | 北京 中华书局 2013.03 |
|
| 页数: | 327页 | |
| 开本: | 21cm | |
| 丛书名: | 中外关系史名著译丛 | |
| 单 册: | ||
| 中图分类: | K931.19 | |
| 科图分类: | ||
| 主题词: | 游记--you ji--蒙古 | |
| 电子资源: | ||
| ISBN: | 978-7-101-09182-3 | |
| 000 | 01545nam 2200349 450 | |
| 001 | 0100140577 | |
| 005 | 20141020221342.0 | |
| 010 | @a978-7-101-09182-3@dCNY32.00 | |
| 100 | @a20130625d2013 em y0chiy50 ea | |
| 101 | 1 | @achi@cfre@ceng |
| 101 | 11 | @achi |
| 102 | @aCN@b110000 | |
| 105 | @ay z 000cy | |
| 106 | @ar | |
| 200 | 1 | @a柏朗嘉宾蒙古行纪@Abai lang jia bin meng gu hang ji@d= Librairie d'amerique et d'orient paris, 1965@f贝凯, 韩百诗译注@Fbei kai , han bai shi yi zhu@g耿昇译@Ggeng sheng yi@c鲁布鲁克东行纪@f柔克义译注@d= The journey of William of Rubruk to the eastern parts, 1253-1255@fW. W. Rockhill@g何高济译@zfre@zeng |
| 205 | @a第2版 | |
| 210 | @a北京@c中华书局@d2013.03 | |
| 215 | @a327页@d21cm | |
| 225 | 2 | @a中外关系史名著译丛@Azhong wai guan xi shi ming zhu yi cong |
| 330 | @a《柏朗嘉宾蒙古行纪》共分为九章, 主要内容包括: 鞑靼人地区, 其方位、资源和气候条件 ; 鞑靼地区的居民、服装、住宅、产业和婚姻 ; 鞑靼人的淳风和陋俗, 处世之道和食物等。《鲁布鲁克东行纪》共分为三十八章, 主要内容包括: 可萨利亚省 ; 鞑靼人和他们的住所 ; 鞑靼人的食物 ; 忽迷思的制作 ; 他们吃的动物以及他们的衣服和狩猎等。 | |
| 410 | 0 | @12001 @a中外关系史名著译丛 |
| 540 | @a柏朗嘉宾蒙古行纪 | |
| 606 | 0 | @a游记@Ayou ji@y蒙古 |
| 690 | @aK931.19@v5 | |
| 701 | 0 | @a贝凯@Abei kai@4译注 |
| 701 | 1 | @a,韩百诗@A, han bai shi@4译注 |
| 702 | 0 | @a耿昇@Ageng sheng@4译 |
| 702 | 0 | @a耿昇@Ageng sheng@4译 |
| 801 | @aCN | |
| 901 | @a001 | |
| 905 | @b1103509-11@dK931.19@eB682:2@f3@a241430 | |
| 962 | @aA9787101091823#20130628221938468 | |
| 柏朗嘉宾蒙古行纪= Librairie d'amerique et d'orient paris, 1965/贝凯, 韩百诗译注/耿昇译.鲁布鲁克东行纪/柔克义译注= The journey of William of Rubruk to the eastern parts, 1253-1255/W. W. Rockhill/何高济译.-第2版.-北京:中华书局,2013.03 |
| 327页;21cm.-(中外关系史名著译丛) |
| ISBN 978-7-101-09182-3:CNY32.00 |
| 《柏朗嘉宾蒙古行纪》共分为九章, 主要内容包括: 鞑靼人地区, 其方位、资源和气候条件 ; 鞑靼地区的居民、服装、住宅、产业和婚姻 ; 鞑靼人的淳风和陋俗, 处世之道和食物等。《鲁布鲁克东行纪》共分为三十八章, 主要内容包括: 可萨利亚省 ; 鞑靼人和他们的住所 ; 鞑靼人的食物 ; 忽迷思的制作 ; 他们吃的动物以及他们的衣服和狩猎等。 |
| ● |
| 相关链接 |
|
|
|
正题名:柏朗嘉宾蒙古行纪
索取号:K931.19/B682:2
 
预约/预借
| 序号 | 登录号 | 条形码 | 馆藏地/架位号 | 状态 | 备注 |
| 1 | 1103509 | 211035093 | 社科库309/309社科库 25排2列2层/ [索取号:K931.19/B682:2] | 在馆 | |
| 2 | 1103510 | 211035100 | 社科库309/309社科库 25排2列2层/ [索取号:K931.19/B682:2] | 在馆 | |
| 3 | 1103511 | 211035119 | 社科库309/309社科库 25排2列2层/ [索取号:K931.19/B682:2] | 在馆 |